[Event "HCL-C4098"]
[Site "www.playchess.de"]
[Date "2006.02.27"]
[Round "17"]
[White "newplayer"]
[Black "Thrustnicely"]
[WhiteElo "1055"]
[BlackElo "970"]
[PlyCount "65"]
[Result "1-0"]

1.e4 e5 2.d4 c5 3.dxc5 Qa5+ 4.c3 Qxc5 5.Qd5 Qxd5 
6.exd5 d6 7.Bb5+ Bd7 8.Bxd7+ Nxd7 9.Nf3 f6 10.O-O 
Ne7 11.c4 Rc8 12.b3 Ng6 13.Nc3 a6 14.Ba3 Nf4 
15.Ne4 Ne2+ 16.Kh1 g5 17.Bb2 h5 18.Rfe1 Nf4 19.g3 
Nh3 20.Kg2 g4 21.Nh4 Be7 22.f3 f5 23.Nxf5 Rf8 
24.fxg4 hxg4 25.Nexd6+ Bxd6 26.Nxd6+ Kd8 27.Nxc8 
Kxc8 28.Bxe5 Rf2+ 29.Kh1 Rd2 30.Bf4 Nf2+ 31.Kg1 
Nh3+ 32.Kh1 Rc2 33.Re8+ 1-0

[Event "HCL-C4120"]
[Site "www.playchess.de"]
[Date "2006.02.27"]
[Round "13"]
[White "n4337m"]
[Black "Tribun"]
[WhiteElo "1464"]
[BlackElo "800"]
[PlyCount "69"]
[Result "1-0"]

1.d4 {Best of luck !}  d5 {thanks, I wish you too} 
 2.c4 e6 3.Nc3 Bd7 4.Nf3 dxc4 5.a4 Nc6 6.Bf4 
{interesting opening....?!}  Bd6 7.Ne5 Nf6 8.e4 a6 
9.Nxc6 Bxc6 10.e5 Bb4 11.exf6 Qxf6 12.Be5 Qe7 
13.f3 f6 14.Bg3 e5 15.Be2 e4 16.O-O Bd7 17.Nd5 Qe6 
18.Nxc7+ Ke7 19.Nxe6 Bxe6 20.fxe4 g5 21.d5 Bd7 
22.Bxc4 Bc5+ 23.Kh1 h5 24.d6+ Kd8 25.Rxf6 h4 
26.Be5 Re8 27.Bd4 Rxe4 28.Rf8+ Be8 29.d7 Kxd7 
30.Bxc5+ Kc7 31.Qd6+ Kc8 32.Be6+ Rxe6 33.Qxe6+ Kc7 
34.Qd6+ Kc8 35.Rxe8+ 1-0

[Event "HCL-M885"]
[Site "www.playchess.de"]
[Date "2006.02.27"]
[Round "5"]
[White "Eishockeytorwart"]
[Black "temple"]
[WhiteElo "1942"]
[BlackElo "1731"]
[PlyCount "41"]
[Result "1-0"]

1.e4 {welcome from germany}  e5 {Hello from 
Canada,gl.}  2.Nf3 Nf6 3.Nxe5 Qe7 4.Nf3 Qxe4+ 
5.Be2 Be7 6.O-O O-O 7.Nc3 Qb4 8.d4 d5 9.Nb5 Bd8 
10.Bd2 Qe7 11.Bf4 Na6 12.Nc3 c6 13.Bxa6 bxa6 
14.Re1 Qb7 15.Bd6 Re8 16.Qd3 Bd7 17.Rxe8+ Nxe8 
18.Ba3 Qc8 19.Ne2 Bf5 20.Qc3 Bg4 
21.Qc5 1-0

[Event "HCL-E1533"]
[Site "www.playchess.de"]
[Date "2006.02.27"]
[Round "27"]
[White "scylla"]
[Black "temple"]
[WhiteElo "1461"]
[BlackElo "1727"]
[PlyCount "95"]
[Result "1-0"]

1.e4 e5 2.Nf3 Nf6 {Happy New Year!}  3.Nxe5 Qe7 
4.Nf3 Qxe4+ 5.Be2 Be7 6.Nc3 Qg4 7.O-O O-O 8.d4 d5 
9.Ne5 Qe6 10.f4 Nbd7 11.f5 Qb6 12.Nxd7 Bxd7 13.Rb1 
Bb4 14.Bg5 Qd6 15.Bxf6 Qxf6 16.Nxd5 Qd6 17.Bc4 Bc6 
18.Nxb4 Qxb4 19.Bb3 Rad8 20.c3 Qd6 21.Qg4 Qf6 
22.Rbe1 Rde8 23.Rxe8 Rxe8 24.Qh5 h6 25.d5 Bd7 
26.Qf3 Qe5 27.f6 g6 28.Bc2 Qe3+ 29.Qxe3 Rxe3 
30.Kf2 Re5 31.c4 Kf8 32.Re1 Rxe1 33.Kxe1 Ke8 34.b4 
b6 35.Ke2 Bg4+ 36.Ke3 Kd7 37.h3 Bf5 38.Bxf5+ gxf5 
39.Kf4 Kd6 40.Kxf5 b5 41.c5+ Kxd5 42.g4 Kc4 43.g5 
hxg5 44.Kxg5 Kxb4 45.h4 Ka3 46.h5 Kxa2 47.h6 b4 
48.h7 1-0

[Event "HCL-M888"]
[Site "www.playchess.de"]
[Date "2006.02.27"]
[Round "2"]
[White "PamperedPawn"]
[Black "temple"]
[WhiteElo "2389"]
[BlackElo "1731"]
[PlyCount "47"]
[Result "1-0"]

1.e4 {Welcome again.  Looking to a good game.}  e5 
2.Nf3 Nf6 3.Nxe5 Qe7 4.Nf3 Qxe4+ 5.Be2 Be7 6.O-O 
O-O 7.d4 b6 8.Re1 Qc6 9.Bd3 Re8 10.Bg5 h6 11.Ne5 
Qb7 12.Bxf6 Bxf6 13.Ng4 Rxe1+ 14.Qxe1 Kf8 15.Nxf6 
gxf6 16.Qe3 d5 17.Qxh6+ Ke7 18.Nc3 Be6 19.Re1 Nd7 
20.f4 f5 21.Bxf5 Nf8 22.Bxe6 fxe6 23.f5 Qc6 
24.fxe6 1-0

[Event "HCL-M843"]
[Site "www.playchess.de"]
[Date "2006.02.27"]
[Round "7"]
[White "Kimura"]
[Black "temple"]
[WhiteElo "1852"]
[BlackElo "1794"]
[PlyCount "109"]
[Result "1/2-1/2"]

1.e4 d5 2.exd5 Nf6 3.c4 c6 4.d4 cxd5 5.Nc3 e6 
6.Bg5 Be7 7.Nf3 O-O 8.c5 Nc6 9.Bb5 Ne4 10.Bxe7 
Qxe7 11.Bxc6 Nxc3 12.bxc3 bxc6 13.O-O f6 14.Re1 
Rb8 15.Qa4 Qc7 16.Rab1 Bd7 17.Rb3 Rb7 18.Reb1 Rfb8 
19.R3xb7 Rxb7 20.Rxb7 Qxb7 21.Qb3 Bc8 22.Qxb7 Bxb7 
23.Nd2 Ba6 24.f4 Kf7 25.Kf2 h6 26.Ke3 g5 27.g3 Kg6 
28.Kf3 h5 29.fxg5 Kxg5 30.h4+ Kf5 31.a4 e5 32.dxe5 
fxe5 33.Ke3 Kg4 34.Nf3 Kf5 35.Nd2 Bc8 36.Nf3 Be6 
37.Nh2 Bc8 38.g4+ hxg4 39.Nf1 d4+ 40.cxd4 exd4+ 
41.Kxd4 Kf4 42.Ne3 g3 43.h5 Be6 44.h6 Bg8 45.Ng2+ 
Kg5 46.Ne3 Kxh6 47.Nf5+ Kg5 48.Nxg3 Kf6 49.a5 Bd5 
50.Ne2 Kf5 51.Nc3 Be6 52.Ne4 Kf4 53.Nd6 Bd7 54.Nc4 
Kf5 55.Nd6+ {(offering draw)}  1/2-1/2

[Event "HCL-E1582"]
[Site "www.playchess.de"]
[Date "2006.02.27"]
[Round "6"]
[White "gridguy"]
[Black "ippuli"]
[WhiteElo "1629"]
[BlackElo "1608"]
[PlyCount "39"]
[Result "1/2-1/2"]

1.d4 {Hello from Seattle ... good luck!}  Nf6 
{Hello from Oulu! Good luck...}  2.c4 e5 3.dxe5 
Ng4 4.Bf4 Nc6 5.Nf3 Bb4+ 6.Nbd2 Qe7 7.a3 Ngxe5 
8.Nxe5 Nxe5 9.Bxe5 Bxd2+ 10.Qxd2 Qxe5 11.e3 O-O 
12.Bd3 b6 13.O-O Bb7 14.b3 {(offering draw) It's 
pretty locked up... unless one of us wants to risk 
forcing something :-)}  f5 {You are right, but I'd 
like to play a little longer.... (waiting for a 
mistake)! :)}  15.Rad1 {Yes, aren't we all ;p}  
Rf6 16.f4 Qe6 17.Be2 Re8 18.Bf3 Bxf3 19.Rxf3 d6 
20.Qd5 {(offering draw) It appears to be quite 
locked up, but...}  1/2-1/2

[Event "HCL-E1574"]
[Site "www.playchess.de"]
[Date "2006.02.27"]
[Round "21"]
[White "HOTSUN"]
[Black "ippuli"]
[WhiteElo "1629"]
[BlackElo "1608"]
[PlyCount "33"]
[Result "1/2-1/2"]

1.e4 {hi again}  e5 {Hello again! Good luck...}  
2.Nf3 {thanks}  f5 3.d3 Nc6 4.a3 Bc5 5.Nc3 Nf6 
6.Bg5 h6 7.Bxf6 Qxf6 8.Nd5 Qd8 9.exf5 d6 10.Ne3 
Bxe3 11.fxe3 Bxf5 12.Be2 O-O 13.e4 Bg4 14.O-O Bxf3 
15.Bxf3 Qg5 16.c3 b6 17.Qc1 {(offering draw)} 
 1/2-1/2

[Event "HCL-B3822"]
[Site "www.playchess.de"]
[Date "2006.02.27"]
[Round "3"]
[White "quant"]
[Black "joleti"]
[WhiteElo "1503"]
[BlackElo "1764"]
[PlyCount "51"]
[Result "1-0"]

1.e4 {hi gl}  e5 2.Nf3 Nf6 3.Nxe5 d6 4.Nf3 Nxe4 
5.d4 d5 6.Bd3 Be7 7.O-O O-O 8.c4 Nf6 9.Nc3 Be6 
10.Qb3 b6 11.Bg5 dxc4 12.Bxc4 Bxc4 13.Qxc4 c6 
14.Rad1 h6 15.Bh4 Qd6 16.Rfe1 Bd8 17.Ne5 Bc7 
18.Bg3 b5 19.Qb3 Nbd7 20.Nxf7 Rxf7 21.Bxd6 Bxd6 
22.h3 Kf8 23.d5 Nc5 24.Qc2 b4 25.Na4 Nxa4 
26.Qxc6 1-0

[Event "HCL-A2604"]
[Site "www.playchess.de"]
[Date "2006.02.27"]
[Round "9"]
[White "RUDI"]
[Black "wbaldan"]
[WhiteElo "1234"]
[BlackElo "1690"]
[PlyCount "156"]
[Result "0-1"]

1.c4 e5 2.d4 exd4 3.Qxd4 Nc6 4.Qd1 Nf6 5.Bg5 Bc5 
6.e3 O-O 7.Bd3 Re8 8.Ne2 h6 9.Bh4 d6 10.O-O Ne5 
11.Qc2 g5 12.Bg3 Neg4 13.Nbc3 c6 14.Rad1 Rxe3 
15.Kh1 Re8 16.Nc1 Kg7 17.Qd2 Ne5 18.f4 gxf4 
19.Bxf4 Rh8 20.Be2 Be6 21.Qe1 Ng6 22.Bxd6 Bxd6 
23.c5 Ne8 24.cxd6 Qd7 25.Ne4 b6 26.Qc3+ Kh7 27.Nb3 
Bxb3 28.Qxb3 Rf8 29.Nf6+ Nxf6 30.Rxf6 Rae8 31.Bd3 
Kg7 32.Qc3 Ne5 33.Rdf1 Re6 34.Rxe6 Qxe6 35.d7 f6 
36.Rd1 Qxd7 37.Bc2 Qe6 38.Qg3+ Qg4 39.Qxg4+ Nxg4 
40.Rd2 Rf7 41.h3 Ne5 42.b3 Rd7 43.Rxd7+ Nxd7 44.g4 
Ne5 45.Kg2 c5 46.Kf2 {(offering draw)}  Nf7 47.h4 
Nd6 48.Kf3 Nb5 49.Bd3 Nc7 50.Ke4 Kf7 51.Kf5 b5 
52.Be4 Ne8 53.Bc6 Nd6+ 54.Kf4 Ke6 55.Be4 Nxe4 
56.Kxe4 b4 57.Kf4 a6 58.Ke4 a5 59.Kf4 Kd5 60.Kf5 
a4 61.bxa4 c4 62.a5 c3 63.a6 Kc6 64.Ke4 Kb6 65.Kd3 
Kxa6 66.Kc2 Kb5 67.Kb3 Kc5 68.a4 bxa3 69.Kxc3 a2 
70.Kb2 Kd5 71.Kxa2 Ke5 72.Kb3 Kf4 73.Kc3 Kxg4 
74.Kd3 Kxh4 75.Ke3 Kg3 76.Ke4 h5 77.Kf5 h4 78.Kxf6 
h3 0-1

[Event "HCL-E1505"]
[Site "www.playchess.de"]
[Date "2006.02.27"]
[Round "7"]
[White "Roberto_Sammi"]
[Black "Sumpfkuh"]
[WhiteElo "2000"]
[BlackElo "1865"]
[PlyCount "56"]
[Result "0-1"]

1.c4 e5 {Hi from Germany, I wish us a good and 
interessed game.}  2.Nc3 {Hi! Good luck}  Nf6 3.g3 
c6 4.Bg2 d5 5.cxd5 cxd5 6.d3 Nc6 7.Nf3 d4 8.Nb1 
Be7 9.O-O O-O 10.Bg5 Be6 11.Nbd2 Rc8 12.Nb3 Nd5 
13.Bxe7 Qxe7 14.Rc1 f5 15.Nc5 Bf7 16.Nh4 g6 17.Qa4 
a6 18.Rfd1 e4 19.Rdf1 Ndb4 20.a3 Na2 21.dxe4 Nxc1 
22.Rxc1 Ne5 23.Qxd4 Rfd8 24.Qb4 {You're very good 
player. Thanks for the game.}  Nd7 {Thanks, but it 
is not all from me. I lost the acceptly game (to 
move 19.) against IM Boidman.}  25.Qxb7 Rxc5 
26.Rxc5 Qxc5 27.exf5 g5 28.Nf3 
Nf6 0-1

[Event "HCL-E1505"]
[Site "www.playchess.de"]
[Date "2006.02.27"]
[Round "8"]
[White "Dutchin"]
[Black "Roberto_Sammi"]
[WhiteElo "1695"]
[BlackElo "2000"]
[PlyCount "73"]
[Result "1-0"]

1.d4 d5 2.c4 e5 3.dxe5 d4 4.Nf3 Nc6 5.e3 Bb4+ 
6.Bd2 dxe3 7.fxe3 Bg4 8.Be2 Bxf3 9.Bxf3 Qh4+ 10.g3 
Qxc4 11.Bxc6+ Qxc6 12.O-O Bc5 13.Qf3 Qxf3 14.Rxf3 
Rd8 15.Bc3 Nh6 16.Nd2 Ng4 17.Re1 Rd3 18.e6 fxe6 
19.Ref1 Bxe3+ 20.Kg2 Rxd2+ 21.Bxd2 Bxd2 22.Kh1 Nf6 
23.Rd1 Ba5 24.Rfd3 Nd5 25.Rf1 Bb6 26.Re1 Kd7 
27.Rf3 Ke7 28.Ref1 g5 29.R3f7+ Kd6 30.Rg7 g4 
31.Rd1 h5 32.b3 a5 33.a4 Kc5 34.h3 gxh3 35.Rg6 Re8 
36.Re1 Kb4 37.Rgxe6 1-0

[Event "HCL-B3903"]
[Site "www.playchess.de"]
[Date "2006.02.27"]
[Round "4"]
[White "nico21"]
[Black "nichju"]
[WhiteElo "1555"]
[BlackElo "1048"]
[PlyCount "45"]
[Result "1-0"]

1.d4 d5 2.c4 e6 3.Nc3 Bb4 4.Qc2 Nf6 5.Nf3 O-O 6.e3 
Ne4 7.Bd2 Nd7 8.Nxe4 Bxd2+ 9.Nexd2 b6 10.cxd5 Re8 
11.dxe6 Rxe6 12.Bd3 Nf6 13.Ne4 Nxe4 14.Bxe4 Rb8 
15.Bxh7+ Kh8 16.Bd3 Bb7 17.Ne5 Qe7 18.f3 Qh4+ 
19.g3 Qh5 20.Be2 c6 21.f4 Qh3 22.Bg4 Qh6 
23.Nxf7+ 1-0

[Event "HCL-A2475"]
[Site "www.playchess.de"]
[Date "2006.02.27"]
[Round "10"]
[White "Matu"]
[Black "kali"]
[WhiteElo "1498"]
[BlackElo "1458"]
[PlyCount "97"]
[Result "1-0"]

1.e4 e5 2.Nf3 Nc6 3.Bc4 Nf6 4.Ng5 d5 5.exd5 Na5 
6.Bb5+ Bd7 7.Bxd7+ Qxd7 8.Nc3 Nxd5 9.Nxd5 Qxd5 
10.Qf3 Qxf3 11.Nxf3 f6 12.d3 Bc5 13.Be3 Bxe3 
14.fxe3 O-O-O 15.Ke2 Nc6 16.a3 Ne7 17.Rad1 Nf5 
18.d4 exd4 19.exd4 Rhe8+ 20.Kf2 Re4 21.c3 Rde8 
22.Rhe1 R4xe1 23.Rxe1 Rxe1 24.Nxe1 Kd7 25.g3 Kd6 
26.Nd3 b6 27.b4 Ne7 28.c4 Nf5 29.d5 Nd4 30.Ne1 Ke5 
31.Ke3 c5 32.dxc6 Nxc6 33.Nf3+ Ke6 34.Nd4+ Nxd4 
35.Kxd4 Kd6 36.Ke4 g6 37.g4 h6 38.h4 h5 39.gxh5 
gxh5 40.Kf5 Ke7 41.Kg6 Ke6 42.Kxh5 f5 43.Kg5 Ke5 
44.h5 f4 45.h6 f3 46.h7 f2 47.h8Q+ Ke4 48.Qh1+ Ke3 
49.Qf1 1-0

[Event "HCL-A2475"]
[Site "www.playchess.de"]
[Date "2006.02.27"]
[Round "11"]
[White "Jule"]
[Black "kali"]
[WhiteElo "1417"]
[BlackElo "1458"]
[PlyCount "94"]
[Result "0-1"]

1.d4 {Dann wollen wir mal wieder. Dieses Mal 
vielleicht nicht so schnell, oder? Viel Spass 
dabei.}  Nf6 {Ich werde besser hinschauen :-)}  
2.Nf3 {Das muss aber auch nicht sein. Kannst gerne 
darüber hinweg sehen. Grins}  e6 3.Bf4 c5 4.c3 b6 
5.e3 Bb7 6.Be2 Be7 7.O-O O-O 8.Nbd2 Nc6 9.h3 d6 
10.Bb5 a6 11.Bxc6 Bxc6 12.Re1 b5 13.dxc5 dxc5 
14.Ne5 Bd5 15.e4 Bb7 16.Ndf3 Nxe4 17.Qc2 Nf6 
18.Rad1 Qb6 19.Bg5 h6 20.Bxf6 Bxf6 21.Nd7 {Warum 
hast du denn gerade eine der Partien gegen mich 
aufgegeben? Habe keinen rechten Grund daraus 
ableiten können, in dieser Position aufgeben zu 
müssen.}  Qc7 {Eine ganze Figur weniger ist kein 
Grund?}  22.Nxf8 {Meiner Ansicht noch lange nicht. 
Denn selbst ein solcher Vorteil kann sich schnell 
ändern. Kann aber auch Taktik sein.}  Rxf8 23.b3 
Bxf3 24.gxf3 Qf4 25.Re4 Qxf3 26.Kh2 Bg5 27.Rg4 
Bf4+ 28.Kg1 f5 29.Rd3 Qe4 30.Rxf4 Qxf4 31.Rg3 e5 
32.Kg2 e4 33.c4 b4 34.Qb2 g5 35.Qe2 Qd6 36.h4 f4 
37.Qxe4 fxg3 38.fxg3 Qd2+ 39.Kh3 Qd7+ 40.Kg2 g4 
41.Qg6+ Qg7 42.Qe6+ Kh8 43.Qe2 Qd4 44.Qc2 Rf3 
45.Qe2 Re3 46.Qf2 Qe4+ 47.Kf1 Qh1+ 0-1

[Event "HCL-A2543"]
[Site "www.playchess.de"]
[Date "2006.02.27"]
[Round "16"]
[White "GCP"]
[Black "alvimrf"]
[WhiteElo "1451"]
[BlackElo "1784"]
[PlyCount "88"]
[Result "0-1"]

1.e4 {hello from Rome, have a good tournament}  c5 
2.c3 d5 3.exd5 Qxd5 4.d4 Nf6 5.Nf3 Bg4 6.Be2 Nc6 
7.Na3 cxd4 8.Nb5 Qd7 9.O-O dxc3 10.Qxd7+ Kxd7 
11.Rd1+ Kc8 12.Nxc3 e6 13.h3 Bf5 14.Bf4 Bb4 15.Nb5 
Rd8 16.a3 Rxd1+ 17.Rxd1 Bc5 18.b4 Bf8 19.Ng5 Nd5 
20.Bh2 a6 21.Nd6+ Bxd6 22.Bxd6 f6 23.Nf3 Nc3 
24.Re1 Kd7 25.Bf4 {well done}  e5 26.Be3 Nxe2+ 
27.Rxe2 Kc7 28.Rd2 Be4 29.Ne1 g5 30.f3 Bg6 31.Kf2 
Rd8 32.Ke2 Rxd2+ 33.Kxd2 Kd6 34.Nd3 Bxd3 35.Kxd3 
Kd5 36.Bc5 b5 37.Bf8 h5 38.Bg7 Ke6 39.Bf8 h4 
40.Bc5 Ne7 41.Bf2 Ng6 42.Be1 Nf4+ 43.Kc3 Nxg2 
44.Bf2 Nf4 0-1

[Event "HCL-B3858"]
[Site "www.playchess.de"]
[Date "2006.02.27"]
[Round "1"]
[White "evets"]
[Black "seisan"]
[WhiteElo "1392"]
[BlackElo "1392"]
[PlyCount "97"]
[Result "1-0"]

1.Nf3 d5 2.d4 c6 3.e3 Nf6 4.Nbd2 Bg4 5.c3 e6 6.Qb3 
b5 7.a4 Qb6 8.axb5 Bd6 9.bxc6 Qxb3 10.Nxb3 Nxc6 
11.Be2 O-O 12.O-O Rfb8 13.Nbd2 a5 14.h3 Bf5 15.Re1 
Ne4 16.c4 Bb4 17.c5 f6 18.Rd1 g5 19.g4 Bg6 20.Bd3 
Nxd2 21.Bxg6 hxg6 22.Bxd2 Bxd2 23.Rxd2 Rb3 24.h4 
gxh4 25.Nxh4 g5 26.Ng2 a4 27.f4 a3 28.bxa3 Raxa3 
29.Rxa3 Rxa3 30.Kf2 Kf7 31.f5 exf5 32.gxf5 Nb4 
33.Ne1 Ke7 34.Rb2 Ra2 35.Rxa2 Nxa2 36.Ke2 Nc3+ 
37.Kf3 Nb1 38.Nc2 Nd2+ 39.Ke2 Nc4 40.Nb4 g4 41.Nc2 
Nb2 42.Kf2 Nd3+ 43.Kg3 Kd7 44.Kxg4 Nf2+ 45.Kh5 Ne4 
46.Kg6 Kc6 47.Nb4+ Kb5 48.Nxd5 Kc4 
49.Nxf6 1-0

[Event "HCL-C4005"]
[Site "www.playchess.de"]
[Date "2006.02.27"]
[Round "6"]
[White "Farquhart"]
[Black "HoshiX"]
[WhiteElo "349"]
[BlackElo "398"]
[PlyCount "72"]
[Result "0-1"]

1.e4 e6 2.d4 Nf6 3.Nc3 Nc6 4.Nf3 Nb4 5.Bd2 d5 
6.Nb5 Nxe4 7.Bf4 Bd6 8.Nxd6+ cxd6 9.Bb5+ Bd7 
10.Be2 a5 11.c3 Qb6 12.cxb4 Qxb4+ 13.Nd2 Nxd2 
14.Bxd2 Qxb2 15.Rc1 Qxa2 16.Rc7 O-O 17.Rxb7 Rfd8 
18.h4 Ba4 19.Qc1 Rdb8 20.Rxb8+ Rxb8 21.Bxa5 Rb1 
22.Qxb1 Qxb1+ 23.Bd1 Bxd1 24.Bc7 Bf3+ 25.Kd2 Qb3 
26.Bxd6 Bxg2 27.Rc1 f6 28.Rc8+ Kf7 29.Rf8+ Kg6 
30.Be7 f5 31.f4 Bh3 32.Re8 e5 33.Bf8 exf4 34.h5+ 
Kxh5 35.Bxg7 f3 36.Ke1 Qb2 0-1

[Event "HCL-A2594"]
[Site "www.playchess.de"]
[Date "2006.02.27"]
[Round "5"]
[White "Kannsnich"]
[Black "superyetkin"]
[WhiteElo "1330"]
[BlackElo "1316"]
[PlyCount "69"]
[Result "1-0"]

1.c4 e6 2.Nc3 Nc6 3.Nf3 d5 4.cxd5 exd5 5.d4 Bb4 
{are you online,eh?}  6.e3 Bxc3+ 7.bxc3 Qf6 8.Be2 
Be6 9.O-O Nge7 10.Ba3 O-O 11.Bb5 Rfe8 12.Bxe7 Rxe7 
13.Bxc6 bxc6 14.Ne5 Bd7 15.Rb1 Bf5 16.Rb7 a6 
17.Qa4 Bc8 18.Rb2 Bd7 19.Rfb1 Bf5 20.R2b8+ Re8 
21.Rxe8+ Rxe8 22.Rb7 Qd6 23.Qxc6 Qxc6 24.Nxc6 Bc8 
25.Rxc7 Kf8 26.Ne5 Be6 27.Kf1 Rb8 28.Nd3 Rb6 
29.Rc5 Rb1+ 30.Ke2 Ra1 31.Ra5 Rh1 32.Rxa6 Ke7 
33.h3 Kf6 34.Nf4 Kf5 35.g4+ 1-0

[Event "HCL-B3799"]
[Site "www.playchess.de"]
[Date "2006.02.27"]
[Round "14"]
[White "taroak"]
[Black "gordi"]
[WhiteElo "1450"]
[BlackElo "1267"]
[PlyCount "85"]
[Result "1-0"]

1.d4 Nf6 2.Nc3 d5 3.Bg5 Nbd7 4.Qd3 h6 5.Bh4 c6 
6.f3 b5 7.e4 dxe4 8.fxe4 e5 9.O-O-O Bd6 10.Nf3 Ba6 
11.dxe5 Nxe5 12.Nxe5 Bxe5 13.Qe3 Qe7 14.g4 g5 
15.Bf2 Nxg4 16.Qc5 Nxf2 17.Qxc6+ Kf8 18.Rd7 Rc8 
19.Qd5 Rd8 20.Rxd8+ Kg7 21.Rd7 Qf6 22.Be2 Nxh1 
23.Bh5 Rf8 24.Nd1 Bxh2 25.Ne3 Qf4 26.Kb1 Ng3 
27.Nf5+ Nxf5 28.Rxf7+ Kg8 29.Rxf5+ Kh8 30.Rxf4 
Rxf4 31.Qd8+ Kh7 32.Qe7+ Kh8 33.Qe8+ Kg7 34.Qg6+ 
Kf8 35.Qxh6+ Ke7 36.Qxg5+ Kd7 37.Qd5+ Kc7 38.Qc5+ 
Kb8 39.Kc1 Rxe4 40.Qf8+ Kb7 41.Qf7+ Kb8 42.Qf8+ 
Kb7 {(offering draw)}  43.Bf3 1-0

[Event "HCL-B3868"]
[Site "www.playchess.de"]
[Date "2006.02.27"]
[Round "3"]
[White "Snillie"]
[Black "sundfar"]
[WhiteElo "1504"]
[BlackElo "1373"]
[PlyCount "72"]
[Result "0-1"]

1.c4 e5 2.g3 Nf6 3.Bg2 g6 4.Nc3 Bg7 5.e4 O-O 
6.Nge2 d6 7.O-O Bg4 8.f3 Be6 9.b3 Nc6 10.Bb2 Re8 
11.d4 exd4 12.Nb5 a6 13.Nbxd4 Nxd4 14.Nxd4 Bd7 
15.Qd2 c5 16.Ne2 Bc6 17.Rad1 Re6 18.Bh3 Re7 19.Qf4 
Ne8 20.Bxg7 Kxg7 21.Nc3 b5 22.Nd5 Bxd5 23.exd5 Nf6 
24.Rde1 Nh5 25.Qd2 bxc4 26.bxc4 Qc7 27.Rxe7 Qxe7 
28.Re1 Qf6 29.Bg4 Rb8 30.Re2 Rb4 31.Qc2 Qd4+ 
32.Kg2 Rxc4 33.Qe4 Qc3 34.Qe7 Qd3 35.Re1 Rc2+ 
36.Kh3 Qd2 0-1

[Event "HCL-E1574"]
[Site "www.playchess.de"]
[Date "2006.02.27"]
[Round "19"]
[White "gridguy"]
[Black "ippuli"]
[WhiteElo "1629"]
[BlackElo "1608"]
[PlyCount "67"]
[Result "1-0"]

1.d4 Nf6 2.c4 e5 3.dxe5 Ng4 4.Bf4 {Unusual that 
I'd draw White in both of our matches. I guess it 
all balances out in the long run, but this feels 
strange.}  Nc6 {Yes it does!}  5.Nf3 Bb4+ 6.Nbd2 
Qe7 7.e3 Ngxe5 8.Nxe5 Nxe5 9.a3 Bxd2+ 10.Qxd2 O-O 
11.Qd5 d6 12.Rd1 Rb8 13.Be2 Be6 14.Qe4 f5 15.Qc2 
Ng6 16.Bg3 f4 17.exf4 Bf5 18.Qd2 Rbe8 19.f3 c6 
20.Kf2 Bd7 21.Rhe1 Rf6 22.Bd3 Qf7 23.Rxe8+ Qxe8 
24.f5 Ne5 25.Re1 Nxd3+ 26.Qxd3 Qf7 27.Bxd6 Bxf5 
28.Qd4 Qg6 29.Be7 h6 {Nice move!}  30.Qd8+ 
{Thanks. It's nice of you to say that. Now I'd 
better make good on it!}  Kh7 {:)}  31.Bxf6 Qxf6 
32.Qxf6 gxf6 33.Re7+ Kg6 34.Rxb7 1-0

[Event "HCL-B3844"]
[Site "www.playchess.de"]
[Date "2006.02.27"]
[Round "5"]
[White "wedi"]
[Black "blue"]
[WhiteElo "1482"]
[BlackElo "1157"]
[PlyCount "46"]
[Result "0-1"]

1.e4 c5 2.Nf3 Nc6 3.b3 e6 4.c4 d6 5.d4 cxd4 6.Nxd4 
Nf6 7.Nc3 e5 8.Nxc6 bxc6 9.Bd3 Be7 10.O-O Bb7 
11.f4 d5 12.fxe5 Nd7 13.exd5 Nxe5 14.Bf4 Nxd3 
15.Qxd3 O-O 16.Rae1 cxd5 17.cxd5 Bb4 18.d6 a5 
19.Re7 Ba6 20.Nb5 Qb6+ 21.Qe3 Qxb5 22.Rd1 Rad8 
23.d7 Bc5 0-1

[Event "HCL-E1496"]
[Site "www.playchess.de"]
[Date "2006.02.27"]
[Round "17"]
[White "baggur"]
[Black "Jackaroe"]
[WhiteElo "1630"]
[BlackElo "1646"]
[PlyCount "88"]
[Result "1/2-1/2"]

1.e4 {hi}  e6 2.d4 d5 3.Nc3 Nf6 4.Bg5 Be7 5.e5 
Nfd7 6.h4 a6 7.Nf3 c5 8.Be2 Nc6 9.dxc5 Nxc5 10.O-O 
h6 11.Bxe7 Qxe7 12.Re1 O-O 13.Bf1 Bd7 14.g3 b5 
15.a3 Rfc8 16.Qd2 Be8 17.Bh3 Qc7 18.Qf4 Rcb8 19.g4 
b4 20.axb4 Nxb4 21.Nd4 Nc6 22.b3 Nxd4 23.Qxd4 Rbc8 
24.Re3 Nd7 25.g5 hxg5 26.hxg5 g6 27.Bf1 Nxe5 
28.Qxe5 Qxe5 29.Rxe5 Rxc3 30.Bd3 a5 31.Kg2 a4 
32.bxa4 Rxa4 33.Rb1 Rca3 34.Re3 Kg7 35.Rb8 Bc6 
36.Kg3 Ba8 37.Re1 Rc3 38.Rh1 f6 39.Rhh8 fxg5 
40.Rbxa8 Rxa8 41.Rxa8 e5 42.Kg4 e4 43.Kxg5 exd3 
44.cxd3 Rxd3 {(offering draw)} 
 1/2-1/2

[Event "HCL-A2590"]
[Site "www.playchess.de"]
[Date "2006.02.27"]
[Round "18"]
[White "Jule"]
[Black "dynamike"]
[WhiteElo "1362"]
[BlackElo "1442"]
[PlyCount "55"]
[Result "1-0"]

1.c4 Nf6 2.Nc3 c6 3.Nf3 d5 4.cxd5 cxd5 5.d4 Nc6 
6.h3 a6 7.e3 Qc7 8.Bd3 Nb4 9.Bb1 Bd7 10.O-O e6 
11.a3 Nc6 12.b4 Nxb4 13.Bb2 Nc6 14.Bd3 Bd6 15.e4 
dxe4 16.Nxe4 Nxe4 17.Bxe4 f6 18.d5 Ne5 19.Rc1 Qb6 
20.Nxe5 Bxe5 21.Bxe5 fxe5 22.Qh5+ Kf8 23.Qxe5 exd5 
24.Bxd5 Re8 25.Qf4+ Qf6 26.Qb4+ Re7 27.Rfe1 Ke8 
28.Rxe7+ 1-0

[Event "HCL-B3903"]
[Site "www.playchess.de"]
[Date "2006.02.27"]
[Round "6"]
[White "Nutz"]
[Black "nichju"]
[WhiteElo "1123"]
[BlackElo "1048"]
[PlyCount "53"]
[Result "1-0"]

1.e4 e5 2.Nf3 d6 3.d4 exd4 4.Qxd4 Nc6 5.Qd2 Nf6 
6.Bc4 Nxe4 7.Qf4 Qe7 8.O-O Be6 9.Qxe4 O-O-O 10.Bg5 
f6 11.Bxe6+ Kb8 12.Bf4 g5 13.Be3 d5 14.Bxd5 Nb4 
15.c4 Nxd5 16.Qxe7 Bxe7 17.cxd5 Rxd5 18.Nc3 Rd3 
19.Rad1 Rxd1 20.Nxd1 g4 21.Nd4 h5 22.Nf5 Bb4 
23.Bd4 Rf8 24.Nde3 Bd2 25.Nd5 Rd8 26.Nxf6 Rf8 
27.Nd7+ 1-0

[Event "HCL-M891"]
[Site "www.playchess.de"]
[Date "2006.02.27"]
[Round "7"]
[White "randa"]
[Black "anne_t"]
[WhiteElo "2300"]
[BlackElo "1989"]
[PlyCount "39"]
[Result "1-0"]

1.e4 {hi from Plzen, Czech. Good luck!}  c5 
{Hello, greetings from Holland and a fine match}  
2.c3 Nf6 3.e5 Nd5 4.d4 cxd4 5.cxd4 d6 6.Nf3 Nc6 
7.Bc4 Nb6 8.Bb5 Bd7 9.Nc3 Nb8 10.e6 fxe6 {you 
using a chess program versus us!! Sore attitude!}  
11.Bd3 {??? u r not right!}  g6 {No? :>)}  12.Ng5 
Bg7 13.Nxh7 Qc8 14.Bxg6+ Kd8 15.Ng5 Kc7 {machine 
user}  16.Bf4 Nd5 17.Nxd5+ exd5 18.Bf7 Nc6 19.Bxd5 
Rh4 20.g3 1-0

[Event "HCL-B3859"]
[Site "www.playchess.de"]
[Date "2006.02.27"]
[Round "6"]
[White "unclcarle"]
[Black "IRONMAIDEN"]
[WhiteElo "1057"]
[BlackElo "1236"]
[PlyCount "84"]
[Result "0-1"]

1.e4 {Greetings from NYC.  Have a great game.}  e5 
{Hi from Munich, same to you. Good luck.}  2.Nf3 
Nc6 3.Bb5 Bd6 4.d3 a6 5.Bxc6 dxc6 6.d4 exd4 7.Qxd4 
f6 8.Qc4 Qe7 9.O-O Be6 10.Qc3 Nh6 11.Bxh6 gxh6 
12.Qe3 Qg7 13.Nbd2 b6 14.b3 O-O-O 15.c4 c5 16.a3 
Rhg8 17.g3 h5 18.Nh4 Rdf8 19.b4 Qg4 20.Rab1 Rg7 
21.bxc5 Bxc5 22.Qh6 Qg5 23.Qxg5 fxg5 24.Nhf3 Bh3 
25.Rfe1 Bg4 26.Ne5 Rxf2 27.Nb3 Rf5+ 28.Kg2 Rxe5 
29.h3 Bd7 30.Nxc5 Rxc5 31.Rbc1 Rf7 32.e5 Rf5 33.e6 
Be8 34.e7 Rfe5 35.Kf2 Kd7 36.Rxe5 Rxe5 37.c5 Rxc5 
38.Rd1+ Kxe7 39.Re1+ Kd7 40.Re4 c6 41.Ke3 Rc3+ 
42.Kd4 Rxa3 0-1